कांटे की बात-1 : न लिखने का कारण / (Record no. 112945)

MARC details
000 -LEADER
fixed length control field 01113nam a22002537a 4500
005 - DATE AND TIME OF LATEST TRANSACTION
control field 20170124102946.0
010 ## - LIBRARY OF CONGRESS CONTROL NUMBER
LC control number A-610885
020 ## - INTERNATIONAL STANDARD BOOK NUMBER
Terms of availability 75.00
International Standard Book Number 8185856001
035 ## - SYSTEM CONTROL NUMBER
System control number A-610885
037 ## - SOURCE OF ACQUISITION
Source of stock number/acquisition Cen Lib/Ret
040 ## - CATALOGING SOURCE
Original cataloging agency DPL
Language of cataloging HN
082 ## - DEWEY DECIMAL CLASSIFICATION NUMBER
Classification number 824
Item number यादव
100 ## - MAIN ENTRY--PERSONAL NAME
Personal name यादव, राजेन्द्र
9 (RLIN) 42810
245 ## - TITLE STATEMENT
Title कांटे की बात-1 : न लिखने का कारण /
Statement of responsibility, etc राजेन्द्र यादव
246 ## - VARYING FORM OF TITLE
Title proper/short title Kāṇṭe kī bāta-1 : na likhne ka karan /
Remainder of title by Rajendra Yadav
260 ## - PUBLICATION, DISTRIBUTION, ETC. (IMPRINT)
Place of publication, distribution, etc नयी दिल्ली
Name of publisher, distributor, etc अक्षर प्रकाशन
Date of publication, distribution, etc 1992
270 ## - ADDRESS
Address 2/36, अंसारी रोड, दरिया गंज
City नयी दिल्ली
Postal code 110002
300 ## - PHYSICAL DESCRIPTION
Extent 160पृ.
Dimensions 21सेमी (सजिल्द)
650 ## - SUBJECT ADDED ENTRY--TOPICAL TERM
Topical term or geographic name as entry element हिंदी साहित्य
9 (RLIN) 49847
650 ## - SUBJECT ADDED ENTRY--TOPICAL TERM
Topical term or geographic name as entry element निबंध संग्रह
General subdivision व्यंग्य
9 (RLIN) 49848
650 ## - SUBJECT ADDED ENTRY--TOPICAL TERM
Topical term or geographic name as entry element Hindi Literature
9 (RLIN) 49849
650 ## - SUBJECT ADDED ENTRY--TOPICAL TERM
Topical term or geographic name as entry element Essay Collection
General subdivision Squid
9 (RLIN) 49850
942 ## - ADDED ENTRY ELEMENTS (KOHA)
Source of classification or shelving scheme Dewey Decimal Classification
Koha item type Hindi Books
Classification part 824
Call number suffix यादव
Holdings
Withdrawn status Lost status Damaged status Not for loan Home library Current library Date acquired Source of acquisition Cost, normal purchase price Total Checkouts Full call number Barcode Date last seen Copy number Cost, replacement price Price effective from Koha item type
        Central Library Central Library 11/08/2015 Cen Lib/Ret 75.00   824 यादव A-610885 11/08/2015 1 75.00 11/08/2015 Hindi Books

© Delhi Public Library
Hit Counter
free hit counter